000 00308nam a2200121Ia 4500
008 220204s9999 xx 000 0 und d
082 _a621.3.024
_bLOP
100 _aLoper, Orla E
245 0 _aDirect current fundamentals
260 _aNew York
_bVan Nostrand
_c1978
650 _aDirect current
942 _cBK
999 _c30644
_d30644